| 000 | 02687nam a2200493 a 4500 | ||
|---|---|---|---|
| 001 | 203396 | ||
| 003 | BLK | ||
| 005 | 20240325114308.0 | ||
| 008 | 180411b bul|||||r ||||||| ||bul|| | ||
| 010 | _aKNG00212924000 | ||
| 040 | _aBLK | ||
| 041 |
_aBUL _cBUL |
||
| 072 | 7 |
_2bullib _aА _xФонд Михаил Арнаудов |
|
| 072 | 7 |
_2bullib _aЯ _xАвтографи |
|
| 080 |
_aБългарска литература _b821.163.2 _z821.163.2 |
||
| 080 |
_aЖивопис _b75 _x(497.2) _z75(497.2) |
||
| 080 |
_aТеатър. Сценично изкуство. Вж 725.82; 782; 82-2 _b792 _x(497.2) _z792(497.2) |
||
| 100 | 1 |
_aИванов, Вичо _eпърви автор _9376295 |
|
| 139 |
_aИванов, Вичо _bИ 21 |
||
| 245 | 1 | 0 |
_aС мисъл и порив _cВичо Иванов; предг. от Михаил Петров Арнаудов. |
| 257 | _aBGR | ||
| 260 |
_bОФ _c1972 _aСофия |
||
| 300 |
_a232 с. _c20 см |
||
| 380 | _a82 | ||
| 490 |
_9396381 _aЧастна колекция - Академик Михаил Арнаудов _gДарение - Основен фонд |
||
| 500 | _aОчерци за Н. Бончев, Н. Ракитин, Хр. Цокев, Ст. Доспевски, Ц. Тодоров, Б. Георгиев, М. Икономов, Зл. Недева, Св. Бъчваров, Кр. Сарафов, Г. А. Стаматов, Г. Донев, Хр. Ботев, К. Величков, А. Константинов, Г. П. Стаматов, К. Христов, Д. Дебелянов, А. Страшимиров, Й. Йовков, Т. Траянов, Н. Хрелков, Н. Райнов, Л. Стоянов, В. Ханчев, З. Зограф, Н. Павлович, Хр. Станчев, Вл. Димитров-Майстора, И. Бешков, И. Петров, С. Огнянов. - Фонд Михаил Арнаудов - Твърда подв. | ||
| 500 | _a Автограф с текст: На уважаемия проф. Михаил Арнаудов, с признателност и обич. София 30. ІІІ. 1972. Вичо Иванов. | ||
| 650 | 4 |
_aЛитературознание, българско _9262282 |
|
| 650 | 4 |
_aИзкуство, българско _9272900 |
|
| 659 | _aА | ||
| 659 | _aЯ | ||
| 700 | 1 |
_aАрнаудов, Михаил Петров _933558 |
|
| 852 |
_aЦб 62766 _bЦб |
||
| 852 |
_aМА 13 _bМА |
||
| 856 | 4 | _qpdf | |
| 856 | 4 | _qpdf | |
| 942 |
_cKNG _n0 _s1 |
||
| 944 |
_aCR _c06.10.2017 _lКети Илиева _k30550 |
||
| 944 |
_aED _c06.10.2017 _kГеновева_Генчева |
||
| 999 |
_c203396 _d203396 |
||
| 999 | _d203396 | ||
| 999 | _d203396 | ||
| 999 | _d203396 | ||
| 999 | _d203396 | ||